| 000 | 00814nam a22002057a 4500 | ||
|---|---|---|---|
| 999 |
_c17208 _d17208 |
||
| 008 | 220824b ||||| |||| 00| 0 eng d | ||
| 020 | _a9786214182022 | ||
| 082 |
_22021 _aDFil 616.0252 _bF962 |
||
| 100 |
_aDomingo, Christian G. _945718 |
||
| 245 |
_aFundamentals of first aid and water safety : _ba handbook for Criminology faculty and students / _cChristian G. Domingo and three others. |
||
| 250 | _a2021 edition. | ||
| 260 |
_aQuezon City : _bWiseman's Books Trading, Inc., _c©2021. |
||
| 300 |
_avi, 158 pages : _billustrations ; _c22 cm. |
||
| 500 | _aIncludes references. | ||
| 650 |
_aFirst aid in illness and injury. _945732 |
||
| 700 |
_aMeimban, Jacob Chino F., _eauthor. _945733 |
||
| 700 |
_aHerialis, Cris F., _eauthor. _945734 |
||
| 700 |
_aHermosa, Portia R. _eauthor. _945735 |
||
| 942 |
_2ddc _cDFIL |
||